|
|
|
|
| LEADER |
02993cam a2200769 i 4500 |
| 001 |
nkc20223426229 |
| 003 |
CZ PrNK |
| 005 |
20230126103903.0 |
| 007 |
ta |
| 008 |
220518s2022 xr ach e 001 0acze d |
| 015 |
|
|
|a cnb003426229
|
| 020 |
|
|
|a 978-80-7215-692-4
|q (brožováno)
|
| 035 |
|
|
|a (OCoLC)1344358643
|
| 040 |
|
|
|a KLG001
|b cze
|d ABA001
|e rda
|
| 043 |
|
|
|a e-cs---
|
| 045 |
|
|
|a x2x8
|
| 072 |
|
7 |
|a 323
|x Vnitropolitický vývoj, politický život
|2 Konspekt
|9 15
|
| 072 |
|
7 |
|a 929
|x Biografie
|2 Konspekt
|9 8
|
| 080 |
|
|
|a 316-051
|2 MRF
|
| 080 |
|
|
|a 321-051
|2 MRF
|
| 080 |
|
|
|a 329.14-051
|2 MRF
|
| 080 |
|
|
|a 323.28-051
|2 MRF
|
| 080 |
|
|
|a 314.15-026.48
|2 MRF
|
| 080 |
|
|
|a 32-026.12:314.15-026.49
|2 MRF
|
| 080 |
|
|
|a 323.28
|2 MRF
|
| 080 |
|
|
|a 929
|2 MRF
|
| 080 |
|
|
|a (437.3)
|2 MRF
|
| 080 |
|
|
|a (437)
|2 MRF
|
| 080 |
|
|
|a (494)
|2 MRF
|
| 080 |
|
|
|a (0:82-94)
|2 MRF
|
| 100 |
1 |
|
|a Hrubý, Karel,
|d 1923-2021
|7 jn20001031016
|4 aut
|
| 245 |
1 |
0 |
|a Věřil jsem v budoucnost /
|c Karel Hrubý, Petr Zídek
|
| 250 |
|
|
|a Vydání první
|
| 264 |
|
1 |
|a Praha :
|b Torst,
|c 2022
|
| 300 |
|
|
|a 314 stran :
|b ilustrace, portréty, faksimile ;
|c 21 cm
|
| 336 |
|
|
|a text
|b txt
|2 rdacontent
|
| 337 |
|
|
|a bez média
|b n
|2 rdamedia
|
| 338 |
|
|
|a svazek
|b nc
|2 rdacarrier
|
| 504 |
|
|
|a Obsahuje bibliografii a rejstřík
|
| 600 |
1 |
7 |
|a Hrubý, Karel,
|d 1923-2021
|7 jn20001031016
|2 czenas
|
| 648 |
|
7 |
|a 20.-21. století
|7 ch462155
|2 czenas
|
| 648 |
|
7 |
|a 20. století
|7 ch460558
|2 czenas
|
| 648 |
|
7 |
|a 1951-1960
|7 ch460583
|2 czenas
|
| 648 |
|
4 |
|a 1923-2021
|
| 648 |
|
4 |
|a 1923-1989
|
| 650 |
0 |
7 |
|a sociologové
|7 ph125768
|z Česko
|y 20.-21. století
|2 czenas
|
| 650 |
0 |
7 |
|a politologové
|7 ph124263
|z Česko
|y 20.-21. století
|2 czenas
|
| 650 |
0 |
7 |
|a sociální demokraté
|7 ph125779
|z Česko
|y 20.-21. století
|2 czenas
|
| 650 |
0 |
7 |
|a političtí vězni
|7 ph124262
|z Československo
|y 1951-1960
|2 czenas
|
| 650 |
0 |
7 |
|a imigrace
|7 ph137595
|z Švýcarsko
|y 20. století
|2 czenas
|
| 650 |
0 |
7 |
|a exilová politická činnost
|7 ph151869
|z Švýcarsko
|y 20. století
|2 czenas
|
| 650 |
0 |
7 |
|a politická perzekuce
|7 ph124236
|z Československo
|2 czenas
|
| 650 |
0 |
9 |
|a sociologists
|z Czechia
|y 20th-21st centuries
|2 eczenas
|
| 650 |
0 |
9 |
|a political scientists
|z Czechia
|y 20th-21st centuries
|2 eczenas
|
| 650 |
0 |
9 |
|a social democrats
|z Czechia
|y 20th-21st centuries
|2 eczenas
|
| 650 |
0 |
9 |
|a political prisoners
|z Czechoslovakia
|y 1951-1960
|2 eczenas
|
| 650 |
0 |
9 |
|a immigration
|z Switzerland
|y 20th century
|2 eczenas
|
| 650 |
0 |
9 |
|a political activities of exiles
|z Switzerland
|y 20th century
|2 eczenas
|
| 650 |
0 |
9 |
|a political persecution
|z Czechoslovakia
|2 eczenas
|
| 655 |
|
7 |
|a autobiografické vzpomínky
|7 fd131854
|2 czenas
|
| 655 |
|
9 |
|a autobiographical reminiscences
|2 eczenas
|
| 700 |
1 |
|
|a Zídek, Petr,
|d 1971-
|7 js20021118005
|4 aut
|
| 910 |
2 |
|
|a BOA001
|b 2-1501.703
|
| 920 |
|
|
|a 1383488
|z KLG001
|
| 990 |
|
|
|a BK
|
| 995 |
|
|
|a 01
|
| 996 |
6 |
|
|b 2610928962
|c 2-1501.703
|l MZK
|r Sklad / do 1 hodiny
|n 1
|p p.v.
|w 001912590
|u 000010
|a 1
|e BOA001
|j MZK50
|s P
|